[Event "12th American Continental"]
[Site "Medellin COL"]
[Date "2017.06.10"]
[Round "1.38"]
[White "Martinez Romero, Martin"]
[Black "Vasquez Garrido, Nuremberg"]
[Result "1-0"]
[WhiteElo "2427"]
[BlackElo "1987"]
[EventDate "2017.06.10"]
[PlyCount "21"]

1.e4 e5 2.Nf3 Nc6 3.Bb5 f5 4.d3 Bc5 5.O-O d6 6.d4 exd4 7.Nxd4 Ne7 8.Bg5 
Bxd4 9.Qxd4 O-O 10.Bxc6 Nxc6 11.Qd5+ 1-0

[Event "12th American Continental"]
[Site "Medellin COL"]
[Date "2017.06.10"]
[Round "1.39"]
[White "Estrada Ruiz, Walter"]
[Black "Panesso Rivera, Henry"]
[Result "0-1"]
[WhiteElo "1982"]
[BlackElo "2421"]
[EventDate "2017.06.10"]
[PlyCount "64"]

1.e4 g6 2.d4 Bg7 3.Nf3 d6 4.Nc3 a6 5.a4 Bg4 6.Be2 Nd7 7.O-O c5 8.Be3 Rc8 
9.a5 cxd4 10.Bxd4 Ngf6 11.h3 Be6 12.Re1 O-O 13.Ng5 Bc4 14.Bxc4 Rxc4 15.Qd3
Rc6 16.f4 e5 17.fxe5 dxe5 18.Bf2 Qc7 19.Re2 Rc8 20.Bh4 h6 21.Nf3 Rc5 22.
Rd1 Qxa5 23.Bxf6 Nxf6 24.Nd5 Nxd5 25.exd5 Qb6 26.Kh1 Qd6 27.c3 f5 28.Ne1 
b5 29.Nc2 e4 30.Qd2 a5 31.Ne3 Rd8 32.b3 Bxc3 0-1

[Event "12th American Continental"]
[Site "Medellin COL"]
[Date "2017.06.10"]
[Round "1.40"]
[White "Zapata, Alonso"]
[Black "Cordero Loup, Ely Daniela"]
[Result "1-0"]
[WhiteElo "2420"]
[BlackElo "1979"]
[EventDate "2017.06.10"]
[PlyCount "53"]

1.e4 e6 2.d4 d5 3.Nd2 c5 4.exd5 exd5 5.Bb5+ Bd7 6.Qe2+ Be7 7.dxc5 Nf6 8.
Nb3 O-O 9.Be3 Re8 10.O-O-O a6 11.Bd3 Nc6 12.Qd2 Ne5 13.Nf3 Nxd3+ 14.Qxd3 
Qc7 15.Bd4 Bc6 16.Ne5 a5 17.Nd2 Ne4 18.Nxe4 dxe4 19.Qg3 Bf8 20.Nc4 Qe7 21.
Nd6 Red8 22.Nf5 Qe6 23.Qf4 Qxa2 24.Nh6+ Kh8 25.Nxf7+ Kg8 26.Nd6 a4 27.Qg3 
1-0

[Event "12th American Continental"]
[Site "Medellin COL"]
[Date "2017.06.10"]
[Round "1.41"]
[White "Silva, Jorge"]
[Black "Fernandez, Fernando"]
[Result "0-1"]
[WhiteElo "1977"]
[BlackElo "2416"]
[EventDate "2017.06.10"]
[PlyCount "41"]

1.e4 c5 2.Nf3 d6 3.g3 Nc6 4.Bg2 g6 5.O-O Bg7 6.Re1 e5 7.c3 Nge7 8.d3 O-O 
9.Nbd2 h6 10.Nf1 Be6 11.Be3 f5 12.Qd2 g5 13.exf5 Nxf5 14.d4 cxd4 15.cxd4 
Nxe3 16.Rxe3 Bf7 17.dxe5 dxe5 18.Qxd8 Raxd8 19.a3 e4 20.Rxe4 Bxb2 21.Rae1 
0-1

[Event "12th American Continental"]
[Site "Medellin COL"]
[Date "2017.06.10"]
[Round "1.42"]
[White "Valderrama Quiceno, Esteban"]
[Black "Nino Penaloza, Cesar Gerardo"]
[Result "1-0"]
[WhiteElo "2413"]
[BlackElo "1972"]
[EventDate "2017.06.10"]
[PlyCount "71"]

1.Nf3 d5 2.c4 d4 3.b4 g6 4.Bb2 Bg7 5.e3 e5 6.exd4 exd4 7.Bd3 Ne7 8.O-O O-O
9.h3 Nbc6 10.a3 Ne5 11.Nxe5 Bxe5 12.Re1 Bg7 13.Be4 c6 14.d3 Re8 15.Nd2 a5 
16.Nb3 a4 17.Nc5 Ra7 18.Nxa4 b6 19.c5 b5 20.Nb6 Be6 21.Bc1 h6 22.Bf4 Rb7 
23.Qf3 Rxb6 24.cxb6 Qxb6 25.Qg3 Rc8 26.Be5 Nf5 27.Bxf5 Bxf5 28.Bxg7 Kxg7 
29.Qe5+ Kg8 30.Qf6 Qd8 31.Re7 Qf8 32.Rae1 Bxd3 33.Qxd4 Bf5 34.Qf6 Bd3 35.
Qe5 Bc4 36.Re3 1-0

[Event "12th American Continental"]
[Site "Medellin COL"]
[Date "2017.06.10"]
[Round "1.44"]
[White "Valdes Romero, Leonardo"]
[Black "Barria Baker, Raisa Melissa"]
[Result "1-0"]
[WhiteElo "2407"]
[BlackElo "1971"]
[EventDate "2017.06.10"]
[PlyCount "55"]

1.Nf3 d5 2.g3 Nf6 3.Bg2 c6 4.O-O Bf5 5.d3 h6 6.Nbd2 Nbd7 7.Qe1 e6 8.e4 Bh7
9.e5 Ng8 10.Nb3 Ne7 11.Qe2 Nf5 12.Bd2 Be7 13.a4 O-O 14.a5 Rb8 15.Rfd1 b5 
16.axb6 axb6 17.Ra7 Qc8 18.Rda1 Re8 19.d4 f6 20.g4 Nh4 21.Nxh4 fxe5 22.Nf3
e4 23.Ne5 Nxe5 24.dxe5 Bh4 25.g5 Rf8 26.gxh6 Bxf2+ 27.Kh1 g6 28.Rg7+ 1-0

[Event "12th American Continental"]
[Site "Medellin COL"]
[Date "2017.06.10"]
[Round "1.46"]
[White "Fernandez Reyes, Lisandro"]
[Black "Lopez Ramirez, Jorge Hernan"]
[Result "1-0"]
[WhiteElo "2402"]
[BlackElo "1963"]
[EventDate "2017.06.10"]
[PlyCount "63"]

1.d4 Nf6 2.c4 g6 3.Nc3 Bg7 4.e4 d6 5.h3 O-O 6.Bd3 e5 7.d5 a5 8.Nge2 Na6 9.
Bg5 h6 10.Be3 Nc5 11.Bc2 Nh7 12.Qd2 g5 13.O-O-O b6 14.Ng3 Ba6 15.h4 Bxc4 
16.hxg5 hxg5 17.Rh5 b5 18.Rdh1 b4 19.Rxh7 bxc3 20.Qxc3 f5 21.Bxc5 f4 22.
Nf5 Rxf5 23.Qxc4 Rf7 24.Ba3 Qd7 25.Bd1 Rb8 26.Qc6 Qc8 27.Kb1 Rb6 28.Qc3 
Qa6 29.Bg4 Re7 30.Be6+ Kf8 31.Qh3 Rxe6 32.dxe6 1-0

[Event "12th American Continental"]
[Site "Medellin COL"]
[Date "2017.06.10"]
[Round "1.47"]
[White "Toro Castaneda, Elizabeth"]
[Black "Prasca Sosa, Rafael"]
[Result "0-1"]
[WhiteElo "1953"]
[BlackElo "2400"]
[EventDate "2017.06.10"]
[PlyCount "52"]

1.e4 c5 2.Nf3 e6 3.d4 cxd4 4.Nxd4 Nc6 5.Nc3 Qc7 6.g3 a6 7.Bg2 Nf6 8.O-O h5
9.h3 Bc5 10.Nxc6 bxc6 11.Bf4 e5 12.Bg5 h4 13.Bxh4 Nh5 14.Kh2 Nf4 15.Qf3 
Nxg2 16.Kxg2 d6 17.Rh1 f6 18.Bxf6 Rf8 19.Qh5+ Qf7 20.Qxf7+ Rxf7 21.Bh4 
Rxf2+ 22.Kg1 Rxc2+ 23.Kf1 a5 24.Na4 Bd4 25.Rb1 Rb8 26.Ke1 Rc4 0-1

[Event "12th American Continental"]
[Site "Medellin COL"]
[Date "2017.06.10"]
[Round "1.48"]
[White "Garcia, Gildardo"]
[Black "Moccero, Eduardo"]
[Result "1-0"]
[WhiteElo "2396"]
[BlackElo "1953"]
[EventDate "2017.06.10"]
[PlyCount "52"]

1.e4 Nc6 2.Nf3 d6 3.d4 Nf6 4.Nc3 g6 5.Bg5 Bg7 6.h3 O-O 7.Qd2 e5 8.dxe5 
dxe5 9.Qe3 Qe8 10.Bxf6 Bxf6 11.Nd5 Bd8 12.O-O-O Be6 13.h4 f6 14.h5 g5 15.
Be2 h6 16.g3 Qf7 17.Rhg1 Kh7 18.Nh2 Nd4 19.f4 Nxe2+ 20.Qxe2 c6 21.fxe5 
fxe5 22.Rgf1 Qg7 23.Rxf8 Qxf8 24.Ne3 Bb6 25.Nhg4 Rd8 26.Rf1 Qe7 1-0

[Event "12th American Continental"]
[Site "Medellin COL"]
[Date "2017.06.10"]
[Round "1.49"]
[White "Borensztajn, David"]
[Black "Ynojosa Aponte, Felix Jose"]
[Result "0-1"]
[WhiteElo "1950"]
[BlackElo "2395"]
[EventDate "2017.06.10"]
[PlyCount "64"]

1.d4 Nf6 2.Bf4 e6 3.e3 b6 4.Nd2 Bb7 5.Ngf3 Be7 6.Bd3 O-O 7.O-O Nh5 8.Bg3 
f5 9.c3 d6 10.Qb3 d5 11.Rac1 Nd7 12.c4 c5 13.cxd5 exd5 14.Qc2 Nxg3 15.hxg3
g6 16.Bb5 Nf6 17.dxc5 bxc5 18.Nb3 Rc8 19.Rfd1 Qb6 20.Be2 Rfd8 21.Qd2 Ne4 
22.Qa5 Qf6 23.Rc2 a6 24.Nfd2 c4 25.Nxe4 fxe4 26.Nd4 h5 27.Rdc1 Bc5 28.Qd2 
Kf7 29.Kf1 Qe7 30.a3 Rb8 31.Bd1 Bb6 32.Bxh5 gxh5 0-1

[Event "12th American Continental"]
[Site "Medellin COL"]
[Date "2017.06.10"]
[Round "1.50"]
[White "Mosquera Klinger, Miguel"]
[Black "Robledo Legarda, Andres Mauricio"]
[Result "1-0"]
[WhiteElo "2391"]
[BlackElo "1942"]
[EventDate "2017.06.10"]
[PlyCount "35"]

1.e4 Nf6 2.e5 Nd5 3.d4 d6 4.c4 Nb6 5.exd6 cxd6 6.Nc3 g6 7.Be3 Bg7 8.Rc1 
O-O 9.b3 Nc6 10.d5 Ne5 11.Be2 Bf5 12.Qd2 Ng4 13.Bd4 Bxd4 14.Qxd4 Nf6 15.
Nf3 Nbd7 16.O-O Re8 17.Rfd1 b6 18.b4 1-0

[Event "12th American Continental"]
[Site "Medellin COL"]
[Date "2017.06.10"]
[Round "1.51"]
[White "Moyses Sobrinho, Elias"]
[Black "Cori Quispe, Kevin Joel"]
[Result "0-1"]
[WhiteElo "1938"]
[BlackElo "2390"]
[EventDate "2017.06.10"]
[PlyCount "46"]

1.d4 Nf6 2.c4 e6 3.Nc3 Bb4 4.Bd2 b6 5.e3 Bb7 6.Nf3 O-O 7.g3 d5 8.cxd5 exd5
9.Bg2 Re8 10.O-O Nbd7 11.Qb3 Bf8 12.Nh4 c6 13.Qc2 c5 14.Qa4 cxd4 15.exd4 
Rc8 16.Qb3 Ne4 17.Be3 Nb8 18.Rac1 Nc6 19.Nf3 Na5 20.Qd1 Nxc3 21.Rxc3 Bb4 
22.Rc2 Qf6 23.a3 Bf8 {24...Bc6 25.Rc3} 0-1

[Event "12th American Continental"]
[Site "Medellin COL"]
[Date "2017.06.10"]
[Round "1.53"]
[White "Martinez Romero, Mauricio"]
[Black "Umetsubo, Cesar Hidemitsu"]
[Result "0-1"]
[WhiteElo "1931"]
[BlackElo "2381"]
[EventDate "2017.06.10"]
[PlyCount "92"]

1.e4 d6 2.d4 Nf6 3.Nc3 c6 4.Nf3 Bg4 5.Be2 e6 6.h3 Bh5 7.O-O d5 8.exd5 cxd5
9.Ne5 Bxe2 10.Qxe2 Nc6 11.Qb5 Qc8 12.Nxc6 Qxc6 13.Bg5 Rc8 14.Rfe1 Qxb5 15.
Nxb5 Ne4 16.Bh4 a6 17.f3 Nd2 18.Nc3 Bb4 19.Re2 Bxc3 20.bxc3 Nc4 21.a4 Rc6 
22.Rb1 Rb6 23.Ree1 Rxb1 24.Rxb1 b6 25.Kf2 Kd7 26.Ke2 f6 27.Bf2 Kc6 28.Kd3 
e5 29.Bg3 Re8 30.dxe5 fxe5 31.Bf2 Rf8 32.Bg3 Rf6 33.Bh4 Rg6 34.g3 Rh6 35.
Rh1 Nb2+ 36.Ke3 Nxa4 37.f4 exf4+ 38.Kxf4 Nxc3 39.Re1 Ne4 40.Kg4 Re6 41.Ra1
a5 42.Kf5 Re8 43.g4 g6+ 44.Kf4 g5+ 45.Bxg5 Rf8+ 46.Ke3 Nxg5 0-1

[Event "12th American Continental"]
[Site "Medellin COL"]
[Date "2017.06.10"]
[Round "1.54"]
[White "Quinonez Garcia, Santiago"]
[Black "Quishpe Vaca, Andres"]
[Result "1/2-1/2"]
[WhiteElo "2379"]
[BlackElo "1929"]
[EventDate "2017.06.10"]
[PlyCount "40"]

1.c4 Nf6 2.g3 g6 3.Bg2 Bg7 4.Nc3 d6 5.e3 e5 6.d3 O-O 7.Nge2 Re8 8.O-O c6 
9.h3 Be6 10.f4 Na6 11.g4 e4 12.Ng3 exd3 13.Qxd3 Nc5 14.Qe2 Bc8 15.Bd2 d5 
16.cxd5 cxd5 17.g5 Nfe4 18.Ngxe4 Nxe4 19.Bxe4 dxe4 20.Qg2 Bf5 1/2-1/2

[Event "12th American Continental"]
[Site "Medellin COL"]
[Date "2017.06.10"]
[Round "1.55"]
[White "Rodriguez Arrieta, Maria Elena"]
[Black "Valenzuela Gomez, Fernando"]
[Result "0-1"]
[WhiteElo "1926"]
[BlackElo "2377"]
[EventDate "2017.06.10"]
[PlyCount "62"]

1.e4 g6 2.d4 Bg7 3.Nc3 d6 4.Be2 a6 5.Be3 b5 6.h4 h5 7.Qd2 Nf6 8.f3 c6 9.a3
Qc7 10.Nd1 Nbd7 11.Nh3 c5 12.a4 b4 13.a5 cxd4 14.Bxd4 Rb8 15.O-O O-O 16.
Ng5 Nc5 17.b3 e6 18.Nb2 Bb7 19.Rfd1 e5 20.Bf2 Rfd8 21.Qe1 Bc6 22.Nc4 d5 
23.Nxe5 Qxe5 24.Bxc5 dxe4 25.Bxb4 Nd5 26.Ba3 exf3 27.Bxf3 Qxe1+ 28.Rxe1 
Bxa1 29.Rxa1 Ne3 30.Bc5 Nxc2 31.Rc1 Nd4 0-1

[Event "12th American Continental"]
[Site "Medellin COL"]
[Date "2017.06.10"]
[Round "1.57"]
[White "Agudelo, Carlos Daniel"]
[Black "Zavarce, Oscar Enrique"]
[Result "0-1"]
[WhiteElo "1924"]
[BlackElo "2364"]
[EventDate "2017.06.10"]
[PlyCount "42"]

1.d4 Nf6 2.Nf3 c5 3.e3 e6 4.Bd3 b6 5.O-O Bb7 6.b3 cxd4 7.exd4 Be7 8.Nbd2 
Nc6 9.a3 Nd5 10.c4 Nf4 11.Bc2 d5 12.Re1 Qc7 13.cxd5 Nxd5 14.Nc4 Rc8 15.Ne3
Nf4 16.Bb2 O-O 17.Rc1 Rfd8 18.b4 a6 19.Bb1 Qb8 20.Qd2 b5 21.Kf1 Bd6 0-1

[Event "12th American Continental"]
[Site "Medellin COL"]
[Date "2017.06.10"]
[Round "1.58"]
[White "Thavandiran, Shiyam"]
[Black "Echavarria Ramirez, Juan Diego"]
[Result "1-0"]
[WhiteElo "2363"]
[BlackElo "1924"]
[EventDate "2017.06.10"]
[PlyCount "41"]

1.e4 e5 2.Bc4 Nf6 3.d3 Nc6 4.Nc3 Be7 5.f4 d6 6.a3 Be6 7.Bxe6 fxe6 8.fxe5 
Nxe5 9.d4 Ng6 10.Nf3 e5 11.O-O h6 12.dxe5 dxe5 13.Qe2 Bc5+ 14.Kh1 Qe7 15.
b4 Bb6 16.Bb2 O-O-O 17.Nd5 Nxd5 18.exd5 a5 19.Qe4 Nf4 20.c4 g5 21.Nxe5 1-0

[Event "12th American Continental"]
[Site "Medellin COL"]
[Date "2017.06.10"]
[Round "1.59"]
[White "Garces, Javier"]
[Black "Alzate, Dario"]
[Result "0-1"]
[WhiteElo "1923"]
[BlackElo "2362"]
[EventDate "2017.06.10"]
[PlyCount "31"]

1.d4 Nf6 2.c4 e6 3.Nf3 b6 4.g3 Ba6 5.b3 d5 6.Qc2 c5 7.Bg2 Nc6 8.cxd5 Nxd5 
9.O-O Rc8 10.dxc5 Bxc5 11.Qb2 Qf6 12.Re1 Nd4 13.a3 Nxf3+ 14.Bxf3 Bd4 15.
Qd2 Bxa1 16.Qb4 0-1

[Event "12th American Continental"]
[Site "Medellin COL"]
[Date "2017.06.10"]
[Round "1.60"]
[White "Baules, Jorge"]
[Black "Giraldo, Leonardo Emilio"]
[Result "1-0"]
[WhiteElo "2355"]
[BlackElo "1912"]
[EventDate "2017.06.10"]
[PlyCount "30"]

1.e4 c5 2.Nf3 Nc6 3.c3 Nf6 4.e5 Nd5 5.d4 cxd4 6.cxd4 d6 7.Bc4 e6 8.O-O Be7
9.exd6 Qxd6 10.Nc3 O-O 11.Ne4 Qb8 12.Qe2 h6 13.Rd1 a6 14.Be3 b6 15.Ne5 Na5
1-0

[Event "12th American Continental"]
[Site "Medellin COL"]
[Date "2017.06.10"]
[Round "1.61"]
[White "Martinez Murcia, John Alexander"]
[Black "Aranha Filho, Alvaro Zimmermann"]
[Result "0-1"]
[WhiteElo "1912"]
[BlackElo "2355"]
[EventDate "2017.06.10"]
[PlyCount "64"]

1.d4 Nf6 2.c4 c5 3.Nf3 cxd4 4.Nxd4 e5 5.Nc2 b5 6.e3 bxc4 7.Bxc4 d5 8.Be2 
Bd6 9.Nc3 Bb7 10.O-O O-O 11.Nb5 Be7 12.b3 Nc6 13.Bb2 a6 14.Nc3 Qd7 15.Na4 
Rad8 16.f4 exf4 17.Rxf4 Qe6 18.Bd3 d4 19.exd4 Nd5 20.Bf5 Qh6 21.Rf3 g6 22.
Bc1 Qg7 23.Rh3 h5 24.Be4 Bf6 25.Bb2 Nf4 26.Rf3 g5 27.Rxf4 gxf4 28.Qxh5 
Nxd4 29.Bxb7 Nxc2 30.Bxf6 Qxf6 31.Rf1 Ne3 32.Be4 Rfe8 0-1

[Event "12th American Continental"]
[Site "Medellin COL"]
[Date "2017.06.10"]
[Round "1.62"]
[White "Lopez Gonzalez, Abel Fabian"]
[Black "Hernandez Saldivia, Rody"]
[Result "1-0"]
[WhiteElo "2351"]
[BlackElo "1903"]
[EventDate "2017.06.10"]
[PlyCount "53"]

1.e4 c5 2.Nf3 d6 3.d4 cxd4 4.Nxd4 Nf6 5.Nc3 g6 6.Bg5 Bg7 7.Bb5+ Bd7 8.Qe2 
O-O 9.O-O-O a6 10.Bc4 Nc6 11.Nxc6 bxc6 12.e5 Qa5 13.Bxf6 exf6 14.Rxd6 Bh6+
15.Kb1 Rab8 16.Ne4 Bf5 17.Nxf6+ Kh8 18.g4 Bf4 19.Bb3 Bxe5 20.Rd5 Bxc2+ 21.
Kxc2 cxd5 22.Qxe5 Rbc8+ 23.Kb1 Qb5 24.Nh5+ f6 25.Nxf6 Qd3+ 26.Ka1 Rf7 27.
Bxd5 1-0

[Event "12th American Continental"]
[Site "Medellin COL"]
[Date "2017.06.10"]
[Round "1.63"]
[White "Echavarria, Gustavo"]
[Black "Rios Parra, Alejandro"]
[Result "0-1"]
[WhiteElo "1902"]
[BlackElo "2345"]
[EventDate "2017.06.10"]
[PlyCount "44"]

1.d4 Nf6 2.Bf4 c5 3.c3 e6 4.Nd2 Nc6 5.e3 b6 6.Ngf3 Be7 7.Bd3 O-O 8.h3 Bb7 
9.O-O cxd4 10.exd4 d6 11.Qe2 Re8 12.Rfe1 Bf8 13.Rad1 g6 14.Bg5 Be7 15.Nc4 
b5 16.Ne3 a6 17.a3 Na5 18.Nh2 Nh5 19.Bxe7 Qxe7 20.g3 Qg5 21.h4 Qd8 22.Ng2 
f5 0-1

[Event "12th American Continental"]
[Site "Medellin COL"]
[Date "2017.06.10"]
[Round "1.64"]
[White "Palencia Morales, Wilson Guillermo"]
[Black "Holliman, Bob"]
[Result "1-0"]
[WhiteElo "2343"]
[BlackElo "1898"]
[EventDate "2017.06.10"]
[PlyCount "27"]

1.e4 e6 2.d4 d5 3.Nc3 Bb4 4.Ne2 dxe4 5.a3 Bxc3+ 6.Nxc3 f5 7.Bf4 Nf6 8.Qd2 
a6 9.O-O-O h6 10.f3 exf3 11.gxf3 Nd5 12.Rg1 g5 13.Bg3 Ne7 14.d5 1-0

[Event "12th American Continental"]
[Site "Medellin COL"]
[Date "2017.06.10"]
[Round "1.65"]
[White "Cadavid Osorio, Juan Miguel"]
[Black "Escobar Medina, Andres"]
[Result "0-1"]
[WhiteElo "1894"]
[BlackElo "2343"]
[EventDate "2017.06.10"]
[PlyCount "48"]

1.e4 g6 2.d4 Bg7 3.Nf3 d6 4.Nc3 a6 5.Be2 Nd7 6.O-O c5 7.Be3 cxd4 8.Nxd4 
Ngf6 9.Qd2 Nc5 10.f3 O-O 11.Rfe1 Ne6 12.Nd5 Bd7 13.Rad1 Bc6 14.Nxe6 fxe6 
15.Nb6 Rb8 16.Bc4 d5 17.exd5 exd5 18.Nxd5 Bxd5 19.Bxd5+ Nxd5 20.Qxd5+ Qxd5
21.Rxd5 Bxb2 22.Bd4 Ba3 23.Bc5 Rbd8 24.Rde5 Bxc5+ 0-1

[Event "12th American Continental"]
[Site "Medellin COL"]
[Date "2017.06.10"]
[Round "1.66"]
[White "Escalante Ramirez, Brian Sebastian"]
[Black "Guerrero Avila, Hernando"]
[Result "1-0"]
[WhiteElo "2338"]
[BlackElo "1893"]
[EventDate "2017.06.10"]
[PlyCount "31"]

1.e4 d5 2.exd5 Qxd5 3.Nc3 Qd6 4.d4 Nf6 5.Nb5 Qb6 6.c4 c6 7.Nc3 Bf5 8.Nf3 
e6 9.Be2 Bb4 10.O-O Bxc3 11.bxc3 O-O 12.Ba3 Re8 13.Nh4 Be4 14.h3 Bg6 15.
Nxg6 hxg6 16.Bd3 1-0

[Event "12th American Continental"]
[Site "Medellin COL"]
[Date "2017.06.10"]
[Round "1.68"]
[White "Guerrero Sierra, Juan Carlos"]
[Black "Croes, Octavio"]
[Result "1-0"]
[WhiteElo "2303"]
[BlackElo "1888"]
[EventDate "2017.06.10"]
[PlyCount "35"]

1.e4 c5 2.Nf3 d6 3.c3 Nf6 4.Bd3 Nc6 5.Bc2 g6 6.O-O Bg7 7.Re1 O-O 8.h3 a6 
9.d4 cxd4 10.cxd4 b5 11.Nc3 e6 12.Bg5 Qc7 13.Rc1 Qd7 14.e5 dxe5 15.dxe5 
Qxd1 16.Rexd1 Nd7 17.Be4 Bb7 18.Rxd7 1-0

[Event "12th American Continental"]
[Site "Medellin COL"]
[Date "2017.06.10"]
[Round "1.69"]
[White "Bedoya Rosales, Luis"]
[Black "Mendoza Vega, Rafael"]
[Result "1/2-1/2"]
[WhiteElo "1888"]
[BlackElo "2293"]
[EventDate "2017.06.10"]
[PlyCount "69"]

1.e4 e5 2.Nf3 Nc6 3.Bc4 Nf6 4.d3 Be7 5.c3 d6 6.Bb3 O-O 7.Nbd2 Na5 8.Bc2 c5
9.O-O a6 10.Re1 Nc6 11.Nf1 Re8 12.h3 Bf8 13.Ng3 h6 14.d4 cxd4 15.cxd4 Bd7 
16.d5 Nb4 17.Bb1 a5 18.Be3 Rc8 19.a3 Na6 20.b4 axb4 21.axb4 Nxb4 22.Qb3 
Na6 23.Bb6 Nc5 24.Qb2 Qe7 25.Bxc5 Rxc5 26.Qxb7 Qd8 27.Bd3 g6 28.Rec1 Qc8 
29.Qb2 h5 30.Rxc5 Qxc5 31.Rc1 Rb8 32.Qxb8 Qxc1+ 33.Nf1 Kg7 34.Qb1 Qxb1 35.
Bxb1 1/2-1/2

[Event "12th American Continental"]
[Site "Medellin COL"]
[Date "2017.06.10"]
[Round "1.70"]
[White "Arias Santana, Mauricio"]
[Black "Oquendo, Eder"]
[Result "1-0"]
[WhiteElo "2292"]
[BlackElo "1884"]
[EventDate "2017.06.10"]
[PlyCount "24"]

1.d4 d5 2.Nf3 Nf6 3.Bf4 e6 4.e3 c5 5.c3 Qb6 6.Qb3 c4 7.Qc2 Bd6 8.Bxd6 Qxd6
9.Nbd2 b5 10.e4 dxe4 11.Nxe4 Nxe4 12.Qxe4 Qd5 
    ( 12...Qb6 13.d5 )
1-0

[Event "12th American Continental"]
[Site "Medellin COL"]
[Date "2017.06.10"]
[Round "1.71"]
[White "Pereira Vera, Henry Alberto"]
[Black "Hernandez Montes, Jhon Sebastian"]
[Result "1-0"]
[WhiteElo "1884"]
[BlackElo "2292"]
[EventDate "2017.06.10"]
[PlyCount "47"]

1.b3 Nf6 2.Bb2 d6 3.c4 Nbd7 4.Nc3 g6 5.Nf3 Bg7 6.Qc2 O-O 7.d4 c6 8.e3 a6 
9.Be2 b5 10.a3 Bb7 11.O-O Rc8 12.Rfd1 Qc7 13.Rac1 Qb8 14.Qb1 Rfe8 15.b4 
bxc4 16.Bxc4 e6 17.Bd3 Qa8 18.Ne1 c5 19.dxc5 dxc5 20.Na4 cxb4 21.axb4 Qb8 
22.Bxf6 Nxf6 23.Nc5 Ng4 24.g3 1-0

[Event "12th American Continental"]
[Site "Medellin COL"]
[Date "2017.06.10"]
[Round "1.72"]
[White "Franco Valencia, Angela Maria"]
[Black "Descarrega Zacarias, Vanessa"]
[Result "1-0"]
[WhiteElo "2286"]
[BlackElo "1883"]
[EventDate "2017.06.10"]
[PlyCount "32"]

1.e4 c5 2.Nf3 d6 3.d4 cxd4 4.Nxd4 Nf6 5.Nc3 a6 6.Be2 e6 7.a4 b6 8.Bf3 Bb7 
9.e5 Nd5 10.Bxd5 exd5 11.e6 Qf6 12.exf7+ Qxf7 13.O-O Be7 14.Qe2 Nd7 15.Bg5
Ne5 16.Bxe7 Qxe7 1-0

[Event "12th American Continental"]
[Site "Medellin COL"]
[Date "2017.06.10"]
[Round "1.73"]
[White "Morera Campos, Yanori Maria"]
[Black "Torres, Juan Camilo"]
[Result "0-1"]
[WhiteElo "1882"]
[BlackElo "2275"]
[EventDate "2017.06.10"]
[PlyCount "94"]

1.e4 c5 2.Nf3 e6 3.d4 cxd4 4.Nxd4 a6 5.Bd3 Nf6 6.O-O Qc7 7.Qe2 d6 8.c4 g6 
9.Nc3 Bg7 10.Bd2 O-O 11.Kh1 Nfd7 12.Nb3 Nc6 13.f4 b6 14.a3 Bb7 15.Rac1 Nc5
16.Nxc5 bxc5 17.Be3 Nd4 18.Qf2 f5 19.Rcd1 Rab8 20.exf5 gxf5 21.Ne2 e5 22.
fxe5 dxe5 23.Bxd4 cxd4 24.Bxf5 Qxc4 25.Ng3 e4 26.Rc1 Qd5 27.Qc2 d3 28.Qc7 
Qe5 29.Qc4+ Bd5 30.Qxa6 Rxb2 31.Rc5 Rxf5 32.Nxf5 Qxf5 33.Qc8+ Qxc8 34.
Rxc8+ Bf8 35.Rcxf8+ Kg7 36.Rd8 Rb5 37.Rd7+ Kg6 38.Rd6+ Kg7 39.Rd7+ Kg6 40.
Rd6+ Kg7 41.Rd7+ Kg6 42.Rd6+ Kg5 43.h4+ Kxh4 44.Rh6+ Kg5 45.Rxh7 e3 46.
Rg7+ Kh6 47.Rg3 e2 0-1

[Event "12th American Continental"]
[Site "Medellin COL"]
[Date "2017.06.10"]
[Round "1.74"]
[White "Blandon Villa, Luis Guillermo"]
[Black "Arosemena, Franklin Alberto"]
[Result "1-0"]
[WhiteElo "2269"]
[BlackElo "1881"]
[EventDate "2017.06.10"]
[PlyCount "48"]

1.e4 e5 2.Nf3 Nc6 3.d4 exd4 4.Nxd4 Nf6 5.Nxc6 bxc6 6.e5 Qe7 7.Qe2 Nd5 8.c4
Ba6 9.b3 g6 10.g3 Bg7 11.Bb2 O-O 12.Bg2 Rfe8 13.O-O Bxe5 14.Qxe5 Qxe5 15.
Bxe5 Rxe5 16.f4 Re3 17.cxd5 Bxf1 18.Kxf1 Rae8 19.Na3 cxd5 20.Bxd5 c6 21.
Bg2 Re2 22.Nc4 d5 23.Ne5 Rc2 24.b4 Kg7 1-0

[Event "12th American Continental"]
[Site "Medellin COL"]
[Date "2017.06.10"]
[Round "1.75"]
[White "Zuniga Garcia, Eddy Andres"]
[Black "Cifuentes Benavides, John Jairo"]
[Result "1/2-1/2"]
[WhiteElo "1879"]
[BlackElo "2266"]
[EventDate "2017.06.10"]
[PlyCount "69"]

1.d4 d5 2.Nf3 Nf6 3.Bg5 e6 4.Nbd2 c5 5.e3 Nbd7 6.Bd3 c4 7.Be2 Qb6 8.Qb1 
Bd6 9.c3 Qc6 10.a4 b6 11.Bxf6 Nxf6 12.b3 O-O 13.bxc4 dxc4 14.Bxc4 Bb7 15.
O-O Qc7 16.Rc1 Bxf3 17.gxf3 Bxh2+ 18.Kg2 Bd6 19.Bd3 Qe7 20.Rh1 g6 21.Qb5 
Nd5 22.Qb2 Rac8 23.c4 Nb4 24.Be2 f5 25.f4 Nc6 26.Nf3 Qf6 27.Rh6 Rf7 28.
Rah1 Bf8 29.R6h3 h6 30.Rg3 Bg7 31.Qb5 Rfc7 32.Rg1 Qf7 33.Kf1 Ne7 34.Nh4 
Kh7 35.Nxg6 1/2-1/2

[Event "12th American Continental"]
[Site "Medellin COL"]
[Date "2017.06.10"]
[Round "1.76"]
[White "Romero Barreto, Jaime Jose"]
[Black "Ruiz Agudelo, Santiago"]
[Result "1-0"]
[WhiteElo "2266"]
[BlackElo "1870"]
[EventDate "2017.06.10"]
[PlyCount "85"]

1.e4 c5 2.Nf3 d6 3.c3 Nf6 4.Be2 g6 5.O-O Bg7 6.Bb5+ Nbd7 7.Re1 O-O 8.d4 
cxd4 9.cxd4 e5 10.Bg5 a6 11.Bxd7 Qxd7 12.Nc3 Re8 13.Qd2 Rb8 14.Rac1 b5 15.
Bxf6 Bxf6 16.Nd5 Qd8 17.Rc7 Bb7 18.Nxf6+ Qxf6 19.Qh6 Qg7 20.Qxg7+ Kxg7 21.
Ng5 exd4 22.Nxf7 Rec8 23.Rd7 Bc6 24.Ra7 Ra8 25.Nxd6+ Rxa7 26.Nxc8 Rd7 27.
e5 d3 28.Nd6 g5 29.Rd1 Kf8 30.Rxd3 Ke7 31.Nf5+ Kf7 32.Rxd7+ Bxd7 33.Nd4 
Be6 34.Nxe6 Kxe6 35.h4 h6 36.hxg5 hxg5 37.Kh2 Kxe5 38.Kg3 Ke4 39.Kg4 Kd3 
40.Kxg5 Kc2 41.f4 Kxb2 42.f5 Kxa2 43.f6 1-0

[Event "12th American Continental"]
[Site "Medellin COL"]
[Date "2017.06.10"]
[Round "1.78"]
[White "Estrada Nieto, Julian"]
[Black "Parmet, Daniel Edward"]
[Result "0-1"]
[WhiteElo "2263"]
[BlackElo "1870"]
[EventDate "2017.06.10"]
[PlyCount "80"]

1.e4 e5 2.Nf3 Nc6 3.Bb5 Nf6 4.d3 Bc5 5.Be3 Bxe3 6.fxe3 d6 7.O-O O-O 8.a3 
Ne7 9.Ba4 Ng6 10.Nc3 c6 11.Bb3 Be6 12.Bxe6 fxe6 13.d4 exd4 14.exd4 e5 15.
Kh1 Qb6 16.Qd2 exd4 17.Nxd4 Rae8 18.Nf5 Nxe4 19.Nxe4 Rxe4 20.Qc3 Qc7 21.
Qg3 Re6 22.Rf2 Ref6 23.Raf1 Qd7 24.Qh3 Kh8 25.g4 d5 26.Qe3 Re8 27.Qxa7 Ne7
28.Nxg7 Rxf2 29.Qxf2 Kxg7 30.Qf6+ Kg8 31.Qf4 Kh8 32.Qf6+ Kg8 33.Qf7+ Kh8 
34.Re1 d4 35.Re5 c5 36.h4 Qc6+ 37.Kg1 Qg6 38.Qxg6 hxg6 39.Rxc5 Nc6 40.Kf2 
Re4 0-1

[Event "12th American Continental"]
[Site "Medellin COL"]
[Date "2017.06.10"]
[Round "1.81"]
[White "Mora Suarez, Juan Felipe"]
[Black "Sanchez Alvarez, Kelvin Antonio"]
[Result "0-1"]
[WhiteElo "1858"]
[BlackElo "2257"]
[EventDate "2017.06.10"]
[PlyCount "44"]

1.d4 f5 2.g3 Nf6 3.Bg2 g6 4.c4 Bg7 5.Nf3 O-O 6.O-O d6 7.Nc3 c6 8.Rb1 a5 9.
Qb3 Kh8 10.Bg5 Nbd7 11.Rfe1 h6 12.Bd2 e5 13.e4 exd4 14.Nxd4 Nc5 15.Qc2 
fxe4 16.Nxe4 Nfxe4 17.Bxe4 Bxd4 18.Bc3 Bxc3 19.Qxc3+ Qf6 20.Bxg6 Qxc3 21.
bxc3 Be6 22.Rbd1 Rf6 0-1